Statistics for British WW1 Tanks

Click here to take the quiz!

General Stats

  • This quiz has been taken 98 times
  • The average score is 8 of 13

Answer Stats

Answer% Correct
Mark I
97%
Mark II
96%
Mark III
96%
Mark V
95%
Mark IV
93%
Mark VI
92%
Mark VIII
81%
Mark IX
46%
Flying Elephant
20%
Mark B
12%
Mark C
9%
Mark A Whippet
8%
Gun Carrier Mark I
5%

Score Distribution

Percentile by Number Answered

Percent of People with Each Score

Your Score History

You have not taken this quiz